000
00304nam a22001337a 4500
003
SGT
020
_a
9788195606719
082
_a
080
_b
A22S
100
_a
SIMLAI, NEHA
245
_a
ANNUAL COMPENDIUM 2021
260
_b
SOCIAL AND POLITICAL RESEARCH FOUNDATION
_c
2022
300
_a
628
942
_2
ddc
_c
BK
999
_c
31479
_d
31479